00757nam a2200181 a 4500008004100000020001800041050001900059100001700078245006100095260004300156300001300199350001000212650005400222650004700276995010000323999001700423952013500440201202s2019 ||||||||||||||||| || u a9781510449770 aBF 463.V45 Hea aHead, Alison10aGL Verbal Reasoning: 11+ Practice paperscBy Alison Head aLondonbHodder and Stoughton Ltdc2019 a56 pages a19.30 aREASONING(PSYCHOLOGY)--EXAMINATIONS,QUESTIONS ATC aVERBAL ABILITY--EXAMINATIONS,QUESTIONS ATC FCBU-MAIN LIBRARY (Kitwe)I19.30M1UAVAILABLEWDec 9, 2020ZMain Library Open Access Collection c44589d44589 00102lcc4070a001b001cMain Library Open Access Collectiond2022-11-30l0oBF 463.V45 Heap750554r2022-11-30w2022-11-30y002